00491nam a2200169Ia 4500003000900000008004100009040001600050080001500066100001900081245007600100260004100176300001000217650004100227650001600268650002100284650001600305IN-BaIIA211028s9999 xx 000 0 eng d cIIA Library a551.5bTOY aToynbee, Henry 4aThe meteorology of the north Atlantic during August 1873cHenry Toynbee aLondonbH.M. Stationery Officec1878 a103p. aAstronomy and Astrophysics Thesaurus aClimatology aEarth Atmosphere aMeteorology